Mechanika 2

Guardado en:
Detalles Bibliográficos
Autor principal: Bajer, Jiří (Autor)
Formato: Libro
Lenguaje:checo
Publicado: Olomouc : Vladimír Chlup, 2008
Edición:2. rozšíř. a dopl. vyd
Materias:
Acceso en línea:OBSAH
Etiquetas: Agregar Etiqueta
Sin Etiquetas, Sea el primero en etiquetar este registro!

MARC

LEADER 00000nam a22000003a 4500
001 stu194256
005 20150617230020.2
008 091027s2008----xr------------------cze-d
020 |a 978-80-903958-1-7 
040 |a STU  |b slo 
041 0 |a cze 
044 |a xr 
080 |a 531/534  |7 stu_us_auth*stu7969 
100 1 |a Bajer, Jiří  |4 aut 
245 1 |a Mechanika 2 
250 |a 2. rozšíř. a dopl. vyd 
260 |a Olomouc :  |b Vladimír Chlup,  |c 2008 
300 |a 487 s 
650 7 |a mechanika  |2 stusub 
856 4 |a https://sweb.mtf.stuba.sk/obsahy/mechanika_2_08.pdf  |u https://sweb.mtf.stuba.sk/obsahy/mechanika_2_08.pdf  |3 OBSAH 
996 |b 284M071376  |c M*12582/2-1  |l MMST  |s A  |a 24  |w stu194256_0001